ბათუმის შოთა რუსთაველის სახელმწიფო უნივერსიტეტის ბიბლიოთეკა

ერთტომეული (ბიბ.ჩანაწერი № 42274)

000 -LEADER
fixed length control field 00730nam a2200229Ia 4500
001 - CONTROL NUMBER
control field 8969
003 - CONTROL NUMBER IDENTIFIER
control field GE_BSU
008 - FIXED-LENGTH DATA ELEMENTS--GENERAL INFORMATION
fixed length control field 181216s||||||||xx |||||||||||||| ||und||
040 ## - CATALOGING SOURCE
Transcribing agency GE_BSU
080 ## - UNIVERSAL DECIMAL CLASSIFICATION NUMBER
Universal Decimal Classification number 821.353.1-32
100 ## - MAIN ENTRY--PERSONAL NAME
Personal name კლდიაშვილი,სერგო
245 ## - TITLE STATEMENT
Title ერთტომეული
245 ## - TITLE STATEMENT
Remainder of title მოთხრობები
245 ## - TITLE STATEMENT
Statement of responsibility, etc. რედ.გრიგოლ ჩიქოვანი,მხატვ.გ.გორდელაძე
260 ## - PUBLICATION, DISTRIBUTION, ETC.
Place of publication, distribution, etc. თბილისი
260 ## - PUBLICATION, DISTRIBUTION, ETC.
Name of publisher, distributor, etc. საბჭ.მწერალი
260 ## - PUBLICATION, DISTRIBUTION, ETC.
Date of publication, distribution, etc. 1955
300 ## - PHYSICAL DESCRIPTION
Extent 644გვ.21სმ.
653 ## - INDEX TERM--UNCONTROLLED
Uncontrolled term ერთტომეული
653 ## - INDEX TERM--UNCONTROLLED
Uncontrolled term მოთხრობები
942 ## - ADDED ENTRY ELEMENTS (KOHA)
Koha item type წიგნი
ეგზემპლარები
Withdrawn status Lost status Damaged status Not for loan Date acquired Barcode Date last seen Price effective from Koha item type
        2018-12-17 31585 2018-12-17 2018-12-17 წიგნი
        2018-12-17 31586 2018-12-17 2018-12-17 წიგნი
        2018-12-17 31587 2018-12-17 2018-12-17 წიგნი
        2018-12-17 31588 2018-12-17 2018-12-17 წიგნი
        2018-12-17 31589 2018-12-17 2018-12-17 წიგნი
        2018-12-17 31590 2018-12-17 2018-12-17 წიგნი
        2018-12-17 31591 2018-12-17 2018-12-17 წიგნი
        2018-12-17 31592 2018-12-17 2018-12-17 წიგნი
        2018-12-17 22388 აგრ.ტექ.ბიბლ. 2018-12-17 2018-12-17 წიგნი